The seventies
| Main Author: | |
|---|---|
| Format: | Book |
| Published: |
London :
Watts Books ,
1991
|
| Series: | When I was young
|
| Subjects: |
MARC
| LEADER | 00000cam a2200000 7i4500 | ||
|---|---|---|---|
| 001 | 0000002670 | ||
| 002 | 000002898 | ||
| 005 | 20000330.0 | ||
| 020 | |a 0749602384 | ||
| 090 | 0 | 0 | |a J 030 |b WHE |
| 100 | 1 | |a Thomson, Neil | |
| 245 | 1 | 4 | |a The seventies |c Neil Thomson |
| 260 | |a London : |b Watts Books , |c 1991 | ||
| 300 | |a 32p. ; |c 27cm. | ||
| 490 | 0 | |a When I was young | |
| 650 | 0 | 0 | |a The seventies |x Juvenile literature |
| 999 | |a 036148 |b BUKU |c JUNIOR REFERENCE |e PERPUSTAKAAN KOMUNITI CAW KOTA DAMANSARA | ||